000 00480nam a2200181Ia 4500
008 120920t2008 xxu||||| |||| 00| 0 eng d
041 _aeng
080 _a8-31 (Russian)
_bBAR
100 _aBarusdin,Sergeyi
245 _aරවී සහ ශෂී
246 _aRavi Saha Shashi
260 _aWijesuriya
_aMulleriyawa
_c2008
300 _b79p, ill, 21 cm
700 _aKasthurirathna,Malrenu
_etr.
942 _cBK
999 _c41636
_d41636
003 LK-CoDNM
040 _aLK-CoDNM
_dLK-CoDNM
_eLK-CoDNM